000 00658nam a2200205Ia 4500
005 20221112110247.0
008 140110s9999 xx 000 0 und d
020 _a9788173049217
_cRs 2950(set)
040 _aLoreto College
041 _aEnglish
082 _a954.03
_bCAR
245 _aPartition observed V II
_b British official reports from South Asia, 16 October-31 December 1947
_cSelected and edited by Lionel Carter
260 _aNew Delhi
_bManohar Publishers and Distributors
_c2011
300 _av ii, 505-985p
504 _aIncludes index
650 _aIndia-History 1947
700 _aCarter, Lionel, ed
850 _aLCLIB
942 _cBK
999 _c38338
_d88817